| 000 | 01457cam a2200409 a 4500 | ||
|---|---|---|---|
| 001 | completebookofbr00eige | ||
| 003 | CaSfIA | ||
| 005 | 20230525155238.0 | ||
| 007 | cr|||| | ||
| 008 | 861001s1987 nyua b 001 0 eng | ||
| 010 | _a 86040201 | ||
| 040 |
_aDLC _cDLC _dAGL _dMBU _dBAKER _dBTCTA _dYDXCP _dCaSfIA |
||
| 020 |
_a0894801538 (pbk.) : _c$6.95 |
||
| 020 | _a9780894801532 (pbk.) | ||
| 035 | _a(OCoLC)14413224 | ||
| 050 | 0 | 0 |
_aRJ216 _b.E34 1987 |
| 070 | 0 |
_aRJ216.E3 _b1987 |
|
| 072 | 0 | _aT200 | |
| 082 | 0 | 0 |
_a649/.33 _219 |
| 096 | _aWS 125 E34c 1987 | ||
| 100 | 1 | _aEiger, Marvin S. | |
| 245 | 1 | 4 |
_aThe complete book of breastfeeding / _h[electronic resource] _cby Marvin S. Eiger & Sally Wendkos Olds ; photography by Roe Di Bona ; illustrated by Wendy Wray. |
| 250 | _aTotally rev. | ||
| 260 |
_aNew York : _bWorkman Pub., _c1987. |
||
| 300 |
_a318 p. : _bill. ; _c23 cm. |
||
| 500 | _aOlds's name appears first on the earlier edition. | ||
| 504 | _aBibliography: p. 286-303. | ||
| 500 | _aIncludes index. | ||
| 650 | 0 | _aBreastfeeding. | |
| 650 | 0 |
_aMothers _xHealth and hygiene. |
|
| 650 | 1 | 2 | _aBreast Feeding. |
| 700 | 1 | _aOlds, Sally Wendkos. | |
| 856 | 4 | 1 |
_uhttp://www.archive.org/details/completebookofbr00eige _zFree eBook from the Internet Archive |
| 856 | 4 | 2 |
_uhttp://www.openlibrary.org/books/OL2739460M _zAdditional information and access via Open Library |
| 029 | 1 |
_aNZ1 _b3973673 |
|
| 029 | 1 |
_aAU@ _b000004894033 |
|
| 999 |
_c24066 _d24066 |
||